The red badge of courage, and other stories /

Gespeichert in:
Bibliographische Detailangaben
1. Verfasser: Crane, Stephen, 1871-1900
Format: Buch
Sprache:English
Veröffentlicht: London : Oxford University Press, 1960.
Schriftenreihe:World's classics ; 579
Schlagworte:
LEADER 00946nam a2200217 i 4500
001 c000132525
003 CARM
005 00000000000000.0
008 781227s1960 00011 eng d
019 1 |a 1320960  |z 45090803  |z 21846390  |5 LACONCORD2021 
035 |a (OCoLC)30238799  |5 LACONCORD2021 
082 0 4 |a 813.4  |2 19  
100 1 |a Crane, Stephen,  |d 1871-1900. 
245 1 4 |a The red badge of courage, and other stories /  |c Stephen Crane ; with an introd. by V. S. Pritchett and a note on the texts by R. W. Stallman. 
260 |a London :  |b Oxford University Press,  |c 1960. 
300 |a xvi, 366 p. ;  |c 16 cm. 
440 0 |a World's classics ;  |v 579 
651 0 |a United States  |x History  |y Civil War, 1861-1865  |x Fiction. 
852 8 |b CARM  |h A2:AI16G0  |i A02049  |p 0139200  |f BK 
999 f f |i 4204e73e-a480-5816-bf15-bb29425249fc  |s f5785a1c-dfce-5914-a744-da5fe6652142 
952 f f |p Can circulate  |a CAVAL  |b CAVAL  |c CAVAL  |d CARM 1 Store  |e A02049  |f A2:AI16G0  |h Other scheme  |i book  |m 0139200